000 00260nam a22000977a 4500
999 _c11689
_d11689
008 191203b ||||| |||| 00| 0 eng d
020 _a9780590381536
100 _aScholastic
_97388
245 _aNative Americans
260 _aNew York
_bA first Discovery Books
_c1994